| 000 | 00504nam a22001937a 4500 | ||
|---|---|---|---|
| 003 | LK-CoDNM | ||
| 005 | 20241226123025.0 | ||
| 008 | 241226b |||||||| |||| 00| 0 eng d | ||
| 040 |
_aLK-CoDNM _dLK-CoDNM _eLK-CoDNM |
||
| 041 | _aeng | ||
| 080 |
_aRC _b174 |
||
| 100 | _aBECHERT,HEINZ | ||
| 245 | _aWILHELM GEIGER HIS LIFE AND WORKS | ||
| 260 | _c1995 | ||
| 300 | _aV, 80p. : ill ; 25 cm | ||
| 650 | _aWILHELM GEIGER | ||
| 700 | _aභක්තිවේදාන්ත ඒ සි | ||
| 942 | _cBK | ||
| 999 |
_c234220 _d234220 |
||